[Event "Nuremberg LGA Cup 9th"]
[Site "Nuremberg"]
[Date "2012.09.09"]
[Round "6"]
[White "Goettle, Artur"]
[Black "Beesk, Kevin"]
[Result "1/2-1/2"]
[WhiteElo "2075"]
[BlackElo "1822"]
[PlyCount "31"]
[EventDate "2012.09.06"]
[EventType "swiss"]
[EventRounds "7"]
[EventCountry "GER"]
[SourceTitle "CBM 150 Extra"]
[Source "ChessBase"]
[SourceDate "2012.10.19"]
[SourceVersion "1"]
[SourceVersionDate "2012.10.19"]
[SourceQuality "1"]

1. d4 Nf6 2. c4 c5 3. d5 e5 4. Nc3 d6 5. e4 Nbd7 6. f4 a6 7. Nf3 Qe7 8. Qc2 exf4 9. Bxf4 Ng4 10. 0-0-0 Nge5 11. Bg5 f6 12. Bf4 g6 13. h3 Bg7 14. Be2 Nf7 15. Kb1 Nde5 16. g4 1/2-1/2